|
|
|
|
| LEADER |
01653cas a2200241 a 4500 |
| 001 |
AALejournalIMF003253 |
| 008 |
230101c9999 xx r poo 0 0eng d |
| 020 |
|
|
|c 5.00 USD
|
| 020 |
|
|
|z 9781451832839
|
| 022 |
|
|
|a 1934-7685
|
| 040 |
|
|
|a BD-DhAAL
|c BD-DhAAL
|
| 110 |
2 |
|
|a International Monetary Fund.
|
| 245 |
1 |
0 |
|a Romania :
|b First Review Under the Stand-By Arrangement and Request for Waiver and Modification of Performance Criteria.
|
| 264 |
|
1 |
|a Washington, D.C. :
|b International Monetary Fund,
|c 2004.
|
| 300 |
|
|
|a 1 online resource (70 pages)
|
| 490 |
1 |
|
|a IMF Staff Country Reports
|
| 500 |
|
|
|a <strong>Off-Campus Access:</strong> No User ID or Password Required
|
| 500 |
|
|
|a <strong>On-Campus Access:</strong> No User ID or Password Required
|
| 506 |
|
|
|a Electronic access restricted to authorized BRAC University faculty, staff and students
|
| 520 |
3 |
|
|a This paper presents Romania's First Review Under the Stand-By Arrangement and a Request for Waiver and Modification of Performance Criteria. Output growth remains favorable and disinflation is proceeding. The current account deficit is in line with the program's target, and the balance of payments is strengthening. Credit growth in general has slowed, but its foreign currency denominated component has picked up again. Net wage growth remains high, fueling consumption, but labor costs are not deviating substantially from productivity growth.
|
| 538 |
|
|
|a Mode of access: Internet
|
| 830 |
|
0 |
|a IMF Staff Country Reports; Country Report ;
|v No. 2004/319
|
| 856 |
4 |
0 |
|z Full text available on IMF
|u http://elibrary.imf.org/view/journals/002/2004/319/002.2004.issue-319-en.xml
|z IMF e-Library
|